Cultural approaches to the history of medicine : (Record no. 2824)
[ view plain ]
| 000 -LEADER | |
|---|---|
| fixed length control field | 01096cam a22002534a 4500 |
| 001 - CONTROL NUMBER | |
| control field | 13182462 |
| 005 - DATE AND TIME OF LATEST TRANSACTION | |
| control field | 20250122155956.0 |
| 008 - FIXED-LENGTH DATA ELEMENTS--GENERAL INFORMATION | |
| fixed length control field | 030501s2004 enka b 001 0 eng |
| 020 ## - INTERNATIONAL STANDARD BOOK NUMBER | |
| International Standard Book Number | 9781403915696 |
| 050 00 - LIBRARY OF CONGRESS CALL NUMBER | |
| Classification number | RA418.3.E85 |
| Item number | C85 2004 |
| 082 00 - DEWEY DECIMAL CLASSIFICATION NUMBER | |
| Classification number | 306.4/61/094 |
| Edition information | 21 |
| 245 00 - TITLE STATEMENT | |
| Title | Cultural approaches to the history of medicine : |
| Remainder of title | mediating medicine in early modern and modern Europe / |
| Statement of responsibility, etc. | edited by Willem de Blécourt and Cornelie Usborne. |
| 260 ## - PUBLICATION, DISTRIBUTION, ETC. | |
| Place of publication, distribution, etc. | Hampshire, Eng. ; |
| -- | New York : |
| Name of publisher, distributor, etc. | Palgrave Macmillan, |
| Date of publication, distribution, etc. | 2004. |
| 300 ## - PHYSICAL DESCRIPTION | |
| Extent | xxiii, 241 p. : |
| Other physical details | ill. ; |
| Dimensions | 23 cm. |
| 650 #0 - SUBJECT ADDED ENTRY--TOPICAL TERM | |
| Topical term or geographic name entry element | Social medicine |
| Geographic subdivision | Europe |
| General subdivision | History. |
| 650 #0 - SUBJECT ADDED ENTRY--TOPICAL TERM | |
| Topical term or geographic name entry element | Medicine |
| Geographic subdivision | Europe |
| General subdivision | History. |
| 650 #0 - SUBJECT ADDED ENTRY--TOPICAL TERM | |
| Topical term or geographic name entry element | Medical care |
| Geographic subdivision | Europe |
| General subdivision | History. |
| 700 1# - ADDED ENTRY--PERSONAL NAME | |
| Personal name | Blécourt, Willem de. |
| 700 1# - ADDED ENTRY--PERSONAL NAME | |
| Personal name | Usborne, Cornelie, |
| Dates associated with a name | 1942- |
| 856 42 - ELECTRONIC LOCATION AND ACCESS | |
| Materials specified | Contributor biographical information |
| Uniform Resource Identifier | <a href="http://www.loc.gov/catdir/bios/hol053/2003046923.html">http://www.loc.gov/catdir/bios/hol053/2003046923.html</a> |
| 856 41 - ELECTRONIC LOCATION AND ACCESS | |
| Materials specified | Table of contents |
| Uniform Resource Identifier | <a href="http://www.loc.gov/catdir/toc/hol051/2003046923.html">http://www.loc.gov/catdir/toc/hol051/2003046923.html</a> |
| 856 42 - ELECTRONIC LOCATION AND ACCESS | |
| Materials specified | Publisher description |
| Uniform Resource Identifier | <a href="http://www.loc.gov/catdir/description/hol041/2003046923.html">http://www.loc.gov/catdir/description/hol041/2003046923.html</a> |
| 942 ## - ADDED ENTRY ELEMENTS (KOHA) | |
| Source of classification or shelving scheme | Library of Congress Classification |
| Koha item type | Books |
| Suppress in OPAC | No |
| 999 ## - | |
| -- | 2824 |
| -- | 2824 |
| Withdrawn status | Lost status | Source of classification or shelving scheme | Damaged status | Not for loan | Collection | Home library | Current library | Shelving location | Date acquired | Total checkouts | Full call number | Barcode | Date last seen | Copy number | Price effective from | Koha item type |
|---|---|---|---|---|---|---|---|---|---|---|---|---|---|---|---|---|
| Library of Congress Classification | Non-fiction | Science Library (Miotso) | Science Library (Miotso) | General stacks | 01/22/2025 | RA418.3 .E85C85 CUL | SLM00002200 | 01/22/2025 | 1 | 01/22/2025 | Books | |||||
| Library of Congress Classification | Non-fiction | Science Library (Miotso) | Science Library (Miotso) | General stacks | 01/22/2025 | RA418.3 .E85C85 CUL | SLM00002201 | 01/22/2025 | 2 | 01/22/2025 | Books | |||||
| Library of Congress Classification | Non-fiction | Science Library (Miotso) | Science Library (Miotso) | General stacks | 01/22/2025 | RA418.3 .E85C85 CUL | SLM00002202 | 01/22/2025 | 3 | 01/22/2025 | Books | |||||
| Library of Congress Classification | Non-fiction | Science Library (Miotso) | Science Library (Miotso) | General stacks | 01/22/2025 | RA418.3 .E85C85 CUL | SLM00002203 | 01/22/2025 | 4 | 01/22/2025 | Books | |||||
| Library of Congress Classification | Non-fiction | Science Library (Miotso) | Science Library (Miotso) | Reference | 12/11/2025 | RA418.3 .E85C85 CUL | SLM00006582 | 12/11/2025 | 5 | 12/11/2025 | Books |